000 00888cam a2200241 a 4500
001 000005302
005 20200929151634.0
008 751028s2001 sp 100 f spa
020 _a8466302042
040 _aDO-SdBNP
_bspa
_cBNPHU
082 _aA863.4
_bC827t
100 1 _aCortázar, Julio,
_d1914-1984
_910688
245 1 0 _aTodos los fuegos el fuego /
_cJulio Cortázar.
260 _a[Madrid] :
_bSuma de Letras,
_c2001.
300 _a248 p. ;
_c18 cm.
490 1 _aPunto de la lectura ;
_v79/3
505 0 _aLa autopista del sur -- La salud de los enfermos -- Reunión -- La señorita Cora -- La isla a mediodía -- Instrucciones para John Howell -- Todos los fuegos el fuego -- El otro cielo.
650 4 _aCuentos argentinos
_93752
650 4 _aLiteratura argentina
_93860
830 0 _aPunto de la lectura ;
_v79/3
_915075
910 _aCatalogación derivada
910 _aWM
999 _c5103
_d5103